5-Letter Vocabulary (Easy) Quiz Stats

 Plays Quiz Updated Nov 16, 2017

Challenge
Share
Tweet
Embed
Score 0/25 Timer 03:00
1 Play Today
% Correct
adult
98.9%
movie
97.2%
glove
97%
green
96.1%
metal
95.4%
cabin
95%
eagle
94.8%
badge
94%
dairy
93.1%
yeast
92.7%
throw
92.4%
radio
92.3%
jelly
91.5%
% Correct
quake
91%
itchy
90%
dirty
89.8%
nudge
89.7%
favor
89.6%
scary
89.4%
bring
88.7%
trace
88.1%
large
88.1%
light
87.9%
tasty
86.6%
point
84.9%

You're not logged in!

Compare scores with friends on all Sporcle quizzes.
Join for Free
OR
Log In

You Might Also Like...

Show Comments

Extras

Top Quizzes Today


Score Distribution

Your Account Isn't Verified!

In order to create a playlist on Sporcle, you need to verify the email address you used during registration. Go to your Sporcle Settings to finish the process.

Report this User

Report this user for behavior that violates our Community Guidelines.

Details: